00821nam a2200229Ii 450000100060000000300090000600800410001502000150005604000330007104100080010408200140011210000410012624500440016726400750021130000120028633600260029833700280032433800270035294000520037999900170043195201430044811779CO-ViMGA241108s9999||||xx |||||||||||||| ||und|| a9589529003 aCO-ViMGAbspaerdacCO-ViMGA0 aunk04aC861-V1741 aCristóbal Valderrama Moreno95403210aPieles de la Ciudad - Poemas y Negremas 1a[Lugar de publicación no identificado] : Editorial Gente Nueva, 1990 avolumen atextbtxt2rdacontent aunmediatedbn2rdamedia avolumebnc2rdacarrier aidficha_siabuc: 11501. -- ficha_no_siabuc:11779 c50874d50874 001040708001aMEVIGERRbMEVIGERRcGENd2006-11-27hVol.1oC861-V174pECA12709r2024-11-26 10:02:19tEj.1w2024-11-26yBKz11501 | 15487